| 000 | 00469nam a2200157Ia 4500 | ||
|---|---|---|---|
| 008 | 140529s9999 xx 000 0 und d | ||
| 020 | _a9789712724152 | ||
| 050 |
_aGB 5020 _b.Af258 2010 |
||
| 245 |
_aAfter the storm : _bstories on Ondoy / _cElbert Or, editor |
||
| 260 |
_aPasig City, Philippines : _bAnvil Publishing, Inc., _cc2010. |
||
| 300 |
_a128 p. : _bill. ; _c18 cm. |
||
| 521 | _aGE | ||
| 650 |
_aStorms _xPhilippines. |
||
| 942 |
_kLOC _cBK |
||
| 999 |
_c117668 _d117668 |
||